| 000 -LEADER |
| fixed length control field |
00825nam a2200229Ia 4500 |
| 001 - CONTROL NUMBER |
| control field |
8974 |
| 003 - CONTROL NUMBER IDENTIFIER |
| control field |
GE_BSU |
| 008 - FIXED-LENGTH DATA ELEMENTS--GENERAL INFORMATION |
| fixed length control field |
181216s||||||||xx |||||||||||||| ||und|| |
| 040 ## - CATALOGING SOURCE |
| Transcribing agency |
GE_BSU |
| 080 ## - UNIVERSAL DECIMAL CLASSIFICATION NUMBER |
| Universal Decimal Classification number |
908(479.22-22)+94(=353.1)(470) |
| 100 ## - MAIN ENTRY--PERSONAL NAME |
| Personal name |
კახაძე,ვახტანგ |
| 245 ## - TITLE STATEMENT |
| Title |
პლასტუნკელები |
| 245 ## - TITLE STATEMENT |
| Remainder of title |
ქართული სოფელი კრასნოდარის მხარეში |
| 245 ## - TITLE STATEMENT |
| Statement of responsibility, etc. |
რედ.გ.პაიჭაძე,მხატვ.შ.ცხადაძე |
| 260 ## - PUBLICATION, DISTRIBUTION, ETC. |
| Place of publication, distribution, etc. |
თბილისი |
| 260 ## - PUBLICATION, DISTRIBUTION, ETC. |
| Name of publisher, distributor, etc. |
ცოდნა |
| 260 ## - PUBLICATION, DISTRIBUTION, ETC. |
| Date of publication, distribution, etc. |
1963 |
| 300 ## - PHYSICAL DESCRIPTION |
| Extent |
106გვ.ილ.22სმ. |
| 653 ## - INDEX TERM--UNCONTROLLED |
| Uncontrolled term |
პლასტუნკელები |
| 653 ## - INDEX TERM--UNCONTROLLED |
| Uncontrolled term |
ქართული სოფლები რუსეთში |
| 942 ## - ADDED ENTRY ELEMENTS (KOHA) |
| Koha item type |
წიგნი |